000 00837nam a22002897a 4500
001 7018
003 FISKH
005 20250617151240.0
008 250617b cb ||||| |||| 00| 0 eng d
020 _a040296005419
040 _aFISKH
_beng
_cFISKH
_dFISKH
050 _aQL737.C27 O44
082 _a599.78
100 _aOlson, Donald
245 _aBears /
_cwritten by Donald Olson
260 _aChicago :
_bKidsbooks, Inc ,
_c1997.
300 _a31 unnumbered pages :
_bcolor illustrations ;
_c24 cm .
490 _aEyes on nature
505 _aP
520 _aSet your eyes on nature as you explore the fascinating world of bears ...
521 8 _a650
_bLexile estimate
521 8 _aP
_bRaz-Plus
650 _aBears
_vNon-fiction
650 _aAnimals
_vNon-fiction
942 _2ddc
_cBK
_n0
999 _c7018
_d7018